• 首页
  • 本馆介绍
  • 公告通知
  • 最新文献
  • 馆藏检索
  • 电子资源
  • 读者导购
  • 参考咨询
  • 我的图书馆
  • 登录
  • 详细信息显示
  • 放入我的书架
  • 预约/预借图书
  • 作者相关作品
  • 分类相关作品
  • 丛书相关作品
  • 出版社相关作品

书目信息

  • 表格格式
  • 工作单格式
  • 卡片格式
题名:
数学分析习题集题解
    
 
作者: 费定晖 , 周学圣 编演
分册: 三  
出版信息: 济南   山东科学技术出版社  1979
页数: 585页
开本: 19cm
丛书名:
单 册:
中图分类: O17-44 , O17
科图分类:
主题词: 数学分析--习题
电子资源:
ISBN:
000 00663nam2 2200241 45
001 1538861182
005 20150130104933.96
010    @dCNY2.25
091    @aCN@b13195.19
100    @a19950726d1979 em y0chiy0121 ea
101 0  @achi
102    @aCN@b370000
105    @ay z 000yy
200 10 @a数学分析习题集题解@Ashu xue fen xi xi ti ji ti jie@h三@f费定晖,周学圣编演
210    @a济南@c山东科学技术出版社@d1979
215    @a585页@d19cm
606    @a数学分析@x习题
690    @aO17-44@v3
690    @aO17@v4
701  0 @a费定晖@Afei ding hui@4编演
701  0 @a周学圣@Azhou xue sheng@4编演
801  0 @aCN@bTSSF@c20150130
905    @aZUCC@dO17@eJY6:3
    
    数学分析习题集题解.三/费定晖,周学圣编演.-济南:山东科学技术出版社,1979
    585页;19cm
    
    
    ISBN :CNY2.25
    
●
相关链接 在E读中查询图书 在五车中查询图书 在当当中查询图书 在豆瓣中查询图书


正题名:数学分析习题集题解     索取号:O17/JY6:3         预约/预借

序号 登录号 条形码 馆藏地/架位号 状态 备注
1 7863369   278633695   学院路分馆/ [索取号:O17/JY6:3] 在馆    
2 7863370   278633702   学院路分馆/ [索取号:O17/JY6:3] 在馆    
3 7863371   278633711   学院路分馆/ [索取号:O17/JY6:3] 在馆    
唐山师范学院图书馆 欢迎您!
大连网信软件有限公司© 版权所有